| 000 | 00668nam a22001577a 4500 | ||
|---|---|---|---|
| 003 | OSt | ||
| 005 | 20150930170057.0 | ||
| 008 | 150930b xxu||||| |||| 00| 0 eng d | ||
| 040 | _cRUA | ||
| 082 | _aAVM LY 1994 B067 Or.1 | ||
| 100 |
_91635 _aLY Y |
||
| 245 | _aPrevalence of gastro-intestinal parasite in pigs at the slauhterhouse in kampong chhnag province, កំរិតរាលដាលនៃបរាសិតខាងក្នុងក្រពះពោះវៀនជ្រូក នៅទីសត្តឃាដ ខេត្តកំពង់ឆ្នំាង) | ||
| 260 |
_aphnom penh _bRUA _c 1994 |
||
| 300 |
_a52p. _bill. _c29cm. |
||
| 942 |
_2ddc _cAVM |
||
| 999 |
_c1543 _d1543 |
||